LDR 00659nam a2200181 i 4500 001 000000060767 003 CaOOAMICUS 005 20121011000000.0 008 121011s1830 xx u000 u fre u 013 $a31939 026 $as-ce I.e- 2.it CoQu (3) 1830 (A) 040 $aSeMil$bita 245 10$a[Tome 3]. 300 $a[4], 409, [3] p. 773 0 $aLa Mennais, Félicité : de <1782-1854>$tTradition de l'église sur l'institution des évéques.$dBruxelles : Demengeot et Goodman, 1818$g3$w()27516 850 $aSeMil 852 $aSeMil$W1$xVenegono$y1$m2K IV 3 FA$j26920$B26920$CSeMilBibl$Z2$F26923 $8I 996 $6245$a[Tome 3]$9(OLS)http://semarc/title/95323